000 00374nam a2200169Ia 4500
008 210210b1937 xxu||||| |||| 00| 0 eng d
041 _aeng
082 _a874/18
100 _aGURUKKAL (M K)
245 _aKala vidya vivaranam
260 _a
_b-
_c1937
650 _avivaranam
650 _avidya
650 _aKala
690 _aMalayalam Criticism
906 _a002633
999 _c124600
_d124600